| 000 | 00000nam 2200000zi 4500 |
| 001 | 9.900384 |
| 003 | CaOODSP |
| 005 | 20221107175403 |
| 006 | m o d f |
| 007 | cr mn||||||||| |
| 008 | 210603t19831983onc o f001 0 fre d |
| 020 | |z0660910691 |
| 040 | |aCaOODSP|bfre|erda|cCaOODSP |
| 041 | |afre|beng |
| 043 | |an-cn--- |
| 086 | 1 |aRG52-18/1983F-PDF|zRG52-18/1983F |
| 245 | 00|aComment éviter la publicité trompeuse : |blignes directrices. |
| 264 | 1|a[Ottawa] : |bConsommation et corporations Canada = Consumer and Corporate Affairs Canada, |c[1983] |
| 264 | 4|c©1983 |
| 300 | |a1 ressource en ligne (82 pages non numérotées) |
| 336 | |atexte|btxt|2rdacontent/fre |
| 337 | |ainformatique|bc|2rdamedia/fre |
| 338 | |aressource en ligne|bcr|2rdacarrier/fre |
| 500 | |aPublié aussi en anglais sous le titre : How to avoid misleading advertising : guidelines. |
| 500 | |aÉdition numérisée de l'imprimé [par Innovation, sciences et développement économique Canada]. |
| 650 | 6|aPublicité mensongère|zCanada. |
| 650 | 6|aPublicité mensongère|xDroit|zCanada. |
| 710 | 1 |aCanada. |bConsommation et corporations Canada, |eorganisme de publication. |
| 775 | 08|tHow to avoid misleading advertising : |w(CaOODSP)9.900371 |
| 856 | 40|qPDF|s8.21 Mo|uhttps://publications.gc.ca/collections/collection_2021/isde-ised/RG52-18-1983-fra.pdf |